| 000 | 01103cab a2200229 4500 | ||
|---|---|---|---|
| 001 | ABS67701 | ||
| 008 | 040415n2004 000 0 eng u | ||
| 035 | _a(Sirsi) u125840 | ||
| 100 | _aShelbourn, M. | ||
| 245 | _aLearning building pathology using computers - evaluation of a prototype application | ||
| 260 | _c2004 | ||
| 490 |
_aStructural Survey _v22(1) 2004, 30-38(9) |
||
| 520 | _aPresents the results of a prototype application developed to enable inexperienced surveyors to learn building pathology without leaving their desktops. Concludes that educators now have to provide time-consuming and costly training and learning material to enable students to survey buildings directly after graduation, with little or no supervision. The online system is designed to provide convenient computer-based learning. Charts and references. | ||
| 590 | _aABS | ||
| 650 | _aBUILDING PATHOLOGY | ||
| 650 | _aCOMPUTER BASED TRAINING | ||
| 650 | _aCAREERS, EDUCATION AND TRAINING | ||
| 690 | _aBUILT ENVIRONMENT-BUILDING INSPECTION | ||
| 700 | _aHoxley, M. | ||
| 700 | _aAouad, G. | ||
| 942 | _n0 | ||
| 999 |
_c74369 _d74369 |
||